National Anthem of Singapore - "Majulah Singapura" - Statistics

General Stats
  • This quiz has been taken 8 times
  • The average score is 23 of 27
Answer Stats
Answer % Correct
kita
100%
Mari
100%
Singapura,
100%
bahagia,
86%
baru,
86%
bersatu
86%
cita-cita
86%
dengan
86%
kita
86%
kita
86%
kita
86%
Majulah
86%
Majulah
86%
Marilah
86%
menuju
86%
mulia
86%
sama-sama
86%
Singapura.
86%
Singapura!
86%
Singapura!
86%
yang
86%
yang
86%
berjaya
71%
berseru,
71%
rakyat
71%
semua
71%
semangat
57%
No matching quizzes found
Score Distribution
Percent of People with Each Score
Percentile by Number Answered
Your Score History
You have not taken this quiz